Podoby suburbanizačných procesov mesta na hranici - reflexia problematiky na príklade Bratislavy
Saved in:
| Main Author: | |
|---|---|
| Format: | Book |
| Language: | Slovak |
| Published: |
Bratislava
Sociologický ústav Slovenskej akadémie vied
2023
|
| Edition: | 1. vydanie |
| Subjects: | |
| Tags: |
No Tags, Be the first to tag this record!
|
MARC
| LEADER | 00000nam a2200000 4500 | ||
|---|---|---|---|
| 001 | 0298029 | ||
| 005 | 20240416114215.4 | ||
| 020 | |a 978-80-89897-41-4 | ||
| 041 | 0 | |a slo | |
| 044 | |a SK | ||
| 245 | 1 | 0 | |a Podoby suburbanizačných procesov mesta na hranici - reflexia problematiky na príklade Bratislavy |c Ľubomír Falťan |
| 250 | |a 1. vydanie | ||
| 264 | 1 | |a Bratislava |b Sociologický ústav Slovenskej akadémie vied |c 2023 | |
| 300 | |a 119 s. | ||
| 610 | 2 | 0 | |a urbanizácia |
| 610 | 2 | 0 | |a mestá |
| 610 | 2 | 0 | |a pohraničie |
| 610 | 2 | 0 | |a satelity |
| 610 | 2 | 0 | |a aglomerácie mestské |
| 610 | 2 | 0 | |a stavba miest |
| 610 | 2 | 0 | |a rozvoj regionálny |
| 100 | 1 | |a Falťan, Ľubomír | |